01756nam a2200433 i 450000100060000000300080000600500170001400600190003100700150005000800410006501700220010602000270012803500220015504000310017705000250020808000120023308200170024510000330026224503030029526400530059830000580065133600310070933700330074033800430077349000420081650000220085858800830088065000380096365000210100165000180102265500270104070000270106770000290109470000300112370000330115370000300118683000430121685600630125968960FINmELB20241217142936.0m o d | cr cnu||||||||230328s2014 sp a o 001 0 spa d aM-8824-2014b2014 a9788497551786q(print) a(OCoLC)1377204828 aFINmELBbspaerdacFINmELB 4aRC552.E18bM535 2014 a616.89004a616.85262231 aMenassa, Alejandra,eautora.10aMedicina psicosomática III :bTrastornos alimentarios: norexia, bulimia, obesidad /cAlejandra Menassa, Pilar Rojas, Amelia Díez, Paola Duchên, Carlos Fernández, Ruy Henríquez, Susana Lorente, Manuel Menassa, Concepción Osorio, Magdalena salamanca, Helena Trujillo, Virginia Valdominos. 1aMadrid, España :bEditorial Grupo Cero,c2014. a1 recurso en línea (148 páginas) :bilustraciones atextobtxt2rdacontent/spa acomputadorabc2rdamedia/spa arecurso en líneabcr2rdacarrier/spa1 aColección Extensión Universitaria aIncluye índice. aDescripción basada en metadatos suministrados por el editor y otras fuentes. 4aConducta alimentariaxTrastornos. 4aPsicoanálisis. 4aPsicología. 4aLibros electrónicos.1 aRojas, Pilar,eautora.1 aDíez, Amelia,eautora.1 aDuchên, Paola,eautora.1 aFernández, Carlos,eautor.1 aHenríquez, Ruy,eautor. 0aColección Extensión Universitaria.40uhttps://elibro.net/ereader/politecnicointernacional/204155